Věra Lukášová / Dnes ještě zapadá slunce nad Atlantidou / Srpnová neděle /
Původní album DM 15114 "Věra Lukášová, Dnes ještě zapadá slunce nad Atlantidou, Srpnová neděle" vydal Supraphon v roce 1961 - nyní titul s úryvky z děl Boženy Benešové a E.F. Buriana v interpretaci Felixe le Breux a Otýlie Beníškové (1), Vítězslava Nezvala v interpretaci Františka Smolíka,...
Uloženo v:
| Hlavní autor: | |
|---|---|
| Další autoři: | , , , , |
| Médium: | E-audiokniha |
| Vydáno: |
Praha :
Supraphon a.s.,
2025
|
| Tagy: |
Žádné tagy |
| LEADER | 01832nim a22003137i 4500 | ||
|---|---|---|---|
| 001 | 302599 | ||
| 007 | sr nunnnnnnned | ||
| 024 | |a 859692541072 | ||
| 044 | |a xr | ||
| 100 | 1 | |a Hrubín, František |4 aut | |
| 245 | 1 | 0 | |a Věra Lukášová / Dnes ještě zapadá slunce nad Atlantidou / Srpnová neděle / |c Hrubín, František |
| 264 | 1 | |a Praha : |b Supraphon a.s., |c 2025 | |
| 300 | |a 1 online zdroj (25 min., 54 sek.) | ||
| 336 | |a mluvené slovo |b spw |2 rdacontent | ||
| 337 | |a audio |b s |2 rdamedia | ||
| 338 | |a online zdroj |b cr |2 rdacarrier | ||
| 505 | 0 | 0 | |t Věra Lukášová. Lyrická hra mládí o dvou částech-2. část, 5. obraz (10 min., 43 sek.) |
| 505 | 0 | 0 | |t Dnes ještě zapadá slunce nad Atlantidou. Hra o 5 obrazech (6 min., 38 sek.) |
| 505 | 0 | 0 | |t Srpnová neděle. Hra o 3 dějstvích (8 min., 34 sek.) |
| 520 | 2 | |a Původní album DM 15114 "Věra Lukášová, Dnes ještě zapadá slunce nad Atlantidou, Srpnová neděle" vydal Supraphon v roce 1961 - nyní titul s úryvky z děl Boženy Benešové a E.F. Buriana v interpretaci Felixe le Breux a Otýlie Beníškové (1), Vítězslava Nezvala v interpretaci Františka Smolíka, Zdeňky Baldová a Marie Burešové (2) a Františka Hrubína v interpretaci Karla Högera a Vlasty Fabianové (3) vychází poprvé digitálně. | |
| 700 | 1 | |a Le Breux, Felix |4 nrt | |
| 700 | 1 | |a Fabiánová, Vlasta |4 nrt | |
| 700 | 1 | |a Smolík, František |4 nrt | |
| 700 | 1 | |a Höger, Karel |4 nrt | |
| 700 | 1 | |a Beníšková, Otýlie |4 nrt | |
| 910 | |a RBIT002 | ||
| 998 | |d 426738 |a https://core.palmknihy.cz/api/books/426738/cover?telfso |b https://core.palmknihy.cz/api/books/426738/cover/400?telfso |c https://core.palmknihy.cz/api/books/426738/cover/50?telfso |e 2099-01-01 |i 859692541072 |l 1554 |q 49 |r 1 |s https://www.palmknihy.cz/kniha/426738 |t audiobook |y 2025 |z 1 | ||
| 999 | |d 302597 | ||